Countries with Diplomatic Missions in Canada - Statistics

General Stats
  • This quiz has been taken 40 times
  • The average score is 106 of 134
Answer Stats
Locations Country % Correct
Calgary,Montreal,Ottawa,Toronto,Vancouver United Kingdom
100%
Moncton,Montreal,Ottawa,Quebec City,Toronto,Vancouver France
96%
Calgary,Leamington,Montreal,Ottawa,Toronto,Vancouver Mexico
96%
Montreal,Ottawa,Toronto,Vancouver Poland
96%
Calgary,Halifax,Montreal,Ottawa,Quebec City,Toronto,Vancouver,Winnipeg United States
96%
Ottawa,Toronto,Vancouver Australia
91%
Montreal,Ottawa,Toronto,Vancouver Chile
91%
Calgary,Montreal,Ottawa,Toronto,Vancouver China
91%
Calgary,Montreal,Ottawa,Toronto,Vancouver Colombia
91%
Montreal,Ottawa Cuba
91%
Montreal,Ottawa Egypt
91%
Montreal,Ottawa,Toronto,Vancouver El Salvador
91%
Montreal,Ottawa,Toronto,Vancouver Germany
91%
Ottawa,Toronto,Vancouver India
91%
Ottawa,Vancouver Ireland
91%
Calgary,Montreal,Ottawa,Toronto,Vancouver Japan
91%
Ottawa,Vancouver New Zealand
91%
Montreal,Ottawa Norway
91%
Montreal,Ottawa,Toronto,Vancouver Pakistan
91%
Montreal,Ottawa,Toronto Russia
91%
Ottawa Saudi Arabia
91%
Ottawa Sweden
91%
Ottawa Venezuela
91%
Montreal,Ottawa,Toronto Argentina
87%
Ottawa Austria
87%
Ottawa Bahamas
87%
Ottawa Bolivia
87%
Montreal,Ottawa,Toronto,Vancouver Brazil
87%
Ottawa,Toronto Costa Rica
87%
Montreal,Ottawa,Toronto Dominican Republic
87%
Ottawa Finland
87%
Montreal,Ottawa Guatemala
87%
Montreal,Ottawa Honduras
87%
Ottawa,Winnipeg Iceland
87%
Ottawa,Toronto,Vancouver Indonesia
87%
Montreal,Ottawa Iraq
87%
Montreal,Ottawa,Toronto Israel
87%
Ottawa,Toronto,Vancouver Malaysia
87%
Ottawa Nigeria
87%
Montreal,Ottawa,Toronto,Vancouver Panama
87%
Montreal,Ottawa,Toronto,Vancouver Peru
87%
Montreal,Ottawa,Toronto,Vancouver Portugal
87%
Ottawa Slovakia
87%
Montreal,Ottawa,Toronto,Vancouver South Korea
87%
Montreal,Ottawa,Vancouver Switzerland
87%
Montreal,Ottawa,Toronto,Vancouver Turkey
87%
Edmonton,Ottawa,Toronto Ukraine
87%
Ottawa Algeria
83%
Montreal,Ottawa Belgium
83%
Ottawa Bosnia and Herzegovina
83%
Missassauga,Ottawa Croatia
83%
Ottawa,Toronto Czech Republic
83%
Ottawa Democratic Republic of the Congo
83%
Ottawa,Toronto Denmark
83%
Ottawa Estonia
83%
Ottawa Ethiopia
83%
Montreal,Ottawa,Toronto,Vancouver Greece
83%
Montreal,Ottawa Haiti
83%
Ottawa Hungary
83%
Ottawa,Toronto Kazakhstan
83%
Ottawa Kuwait
83%
Ottawa Latvia
83%
Montreal,Ottawa Lebanon
83%
Ottawa Libya
83%
Ottawa Lithuania
83%
Ottawa Moldova
83%
Ottawa Morocco
83%
Ottawa,Toronto Serbia
83%
Ottawa Slovenia
83%
Ottawa,Toronto South Africa
83%
Montreal,Ottawa,Toronto Spain
83%
Ottawa Yemen
83%
Montreal,Ottawa,Toronto,Vancouver Afghanistan
78%
Ottawa Albania
78%
Ottawa Bangladesh
78%
Ottawa Belarus
78%
Montreal,Ottawa,Toronto Ecuador
78%
Ottawa Georgia
78%
Ottawa,Toronto Guyana
78%
Montreal,Ottawa,Toronto,Vancouver Italy
78%
Toronto Malta
78%
Ottawa Nepal
78%
Ottawa,Toronto,Vancouver Netherlands
78%
Ottawa,Toronto North Macedonia
78%
Ottawa Paraguay
78%
Calgary,Ottawa,Toronto,Vancouver Philippines
78%
Ottawa Qatar
78%
Ottawa Sudan
78%
Ottawa,Toronto Trinidad and Tobago
78%
Montreal,Ottawa,Toronto Uruguay
78%
Ottawa,Vancouver Vietnam
78%
Toronto Antigua and Barbuda
74%
Ottawa Armenia
74%
Ottawa,Toronto Bulgaria
74%
Ottawa Cyprus
74%
Ottawa,Toronto Jamaica
74%
Ottawa Jordan
74%
Ottawa Kenya
74%
Ottawa Kosovo
74%
Montreal,Ottawa,Toronto,Vancouver Romania
74%
Ottawa St. Kitts and Nevis
74%
Toronto St. Lucia
74%
Ottawa,Vancouver Thailand
74%
Montreal,Ottawa Tunisia
74%
Ottawa Azerbaijan
70%
Ottawa,Toronto Barbados
70%
Ottawa Chad
70%
Ottawa,Toronto Ghana
70%
Ottawa Mongolia
70%
Ottawa Senegal
70%
Ottawa,Toronto Sri Lanka
70%
Toronto St. Vincent and the Grenadines
70%
Ottawa,Toronto,Vancouver Taiwan
70%
Ottawa Tanzania
70%
Ottawa Togo
70%
Ottawa,Toronto United Arab Emirates
70%
Ottawa Vatican City
70%
Ottawa Benin
65%
Ottawa Cameroon
65%
Ottawa Madagascar
65%
Ottawa Mali
65%
Ottawa Myanmar
65%
Ottawa Uganda
65%
Ottawa Brunei
61%
Ottawa Burundi
61%
Toronto Eritrea
61%
Ottawa Gabon
61%
Ottawa Guinea
61%
Ottawa Ivory Coast
61%
Ottawa Rwanda
61%
Ottawa Burkina Faso
57%
Ottawa Zambia
57%
Ottawa Zimbabwe
57%
Ottawa Lesotho
30%
No matching quizzes found
Score Distribution
Percent of People with Each Score
Percentile by Number Answered
Your Score History
You have not taken this quiz